<?xml version="1.0" encoding="UTF-8"?>
<record
    xmlns:xsi="http://www.w3.org/2001/XMLSchema-instance"
    xsi:schemaLocation="http://www.loc.gov/MARC21/slim http://www.loc.gov/standards/marcxml/schema/MARC21slim.xsd"
    xmlns="http://www.loc.gov/MARC21/slim">

  <leader>01125nam a22002657a 4500</leader>
  <controlfield tag="005">20170124103130.0</controlfield>
  <datafield tag="010" ind1=" " ind2=" ">
    <subfield code="a">A-706527</subfield>
  </datafield>
  <datafield tag="020" ind1=" " ind2=" ">
    <subfield code="c">150.00</subfield>
  </datafield>
  <datafield tag="035" ind1=" " ind2=" ">
    <subfield code="a">A-706527</subfield>
  </datafield>
  <datafield tag="037" ind1=" " ind2=" ">
    <subfield code="b">Cen Lib/Ret</subfield>
  </datafield>
  <datafield tag="040" ind1=" " ind2=" ">
    <subfield code="a">DPL</subfield>
    <subfield code="b">HN</subfield>
  </datafield>
  <datafield tag="082" ind1=" " ind2=" ">
    <subfield code="a">824</subfield>
    <subfield code="b">&#x936;&#x941;&#x915;&#x94D;&#x932;&#x92D;&#x93E; </subfield>
  </datafield>
  <datafield tag="100" ind1=" " ind2=" ">
    <subfield code="a">&#x936;&#x941;&#x915;&#x94D;&#x932;, &#x92D;&#x93E;&#x928;&#x941;&#x92A;&#x94D;&#x930;&#x924;&#x93E;&#x92A; </subfield>
    <subfield code="9">9690</subfield>
  </datafield>
  <datafield tag="245" ind1=" " ind2=" ">
    <subfield code="a">&#x92F;&#x915;&#x94D;&#x937;-&#x92A;&#x94D;&#x930;&#x936;&#x94D;&#x928; /</subfield>
    <subfield code="c">&#x92D;&#x93E;&#x928;&#x941;&#x92A;&#x94D;&#x930;&#x924;&#x93E;&#x92A; &#x936;&#x941;&#x915;&#x94D;&#x932; ; &#x938;&#x902;&#x92A;&#x93E;&#x926;&#x915; &#x926;&#x947;&#x935;&#x947;&#x936; &#x91A;&#x928;&#x94D;&#x926;&#x94D;&#x930; </subfield>
  </datafield>
  <datafield tag="246" ind1=" " ind2=" ">
    <subfield code="a">Yaksh-prashan /</subfield>
    <subfield code="b">by Bhanupratap Shukal ; sampadak Devesh Chadra </subfield>
  </datafield>
  <datafield tag="260" ind1=" " ind2=" ">
    <subfield code="a">&#x926;&#x93F;&#x932;&#x94D;&#x932;&#x940; </subfield>
    <subfield code="b">&#x926;&#x93F;&#x928;&#x92E;&#x93E;&#x928; &#x92A;&#x94D;&#x930;&#x915;&#x93E;&#x936;&#x928; </subfield>
    <subfield code="c">1995</subfield>
  </datafield>
  <datafield tag="270" ind1=" " ind2=" ">
    <subfield code="b">&#x926;&#x93F;&#x932;&#x94D;&#x932;&#x940; </subfield>
    <subfield code="a">3014, &#x91A;&#x930;&#x94D;&#x916;&#x947;&#x935;&#x93E;&#x932;&#x928; </subfield>
    <subfield code="e">110031</subfield>
  </datafield>
  <datafield tag="300" ind1=" " ind2=" ">
    <subfield code="a">196&#x92A;&#x943;.</subfield>
    <subfield code="c">19&#x938;&#x947;&#x92E;&#x940;(&#x938;&#x91C;&#x93F;&#x932;&#x94D;&#x926; ) </subfield>
  </datafield>
  <datafield tag="650" ind1=" " ind2=" ">
    <subfield code="a">&#x938;&#x93E;&#x939;&#x93F;&#x924;&#x94D;&#x92F;--&#x928;&#x93E;&#x91F;&#x915; </subfield>
    <subfield code="x"> </subfield>
    <subfield code="z"> </subfield>
    <subfield code="9">84015</subfield>
  </datafield>
  <datafield tag="650" ind1=" " ind2=" ">
    <subfield code="a">&#x939;&#x93F;&#x902;&#x926;&#x940;--&#x928;&#x93E;&#x91F;&#x915; </subfield>
    <subfield code="9">84016</subfield>
  </datafield>
  <datafield tag="650" ind1=" " ind2=" ">
    <subfield code="a">Literature--drama </subfield>
    <subfield code="9">84017</subfield>
  </datafield>
  <datafield tag="650" ind1=" " ind2=" ">
    <subfield code="a">Hindi--drama </subfield>
    <subfield code="9">84018</subfield>
  </datafield>
  <datafield tag="700" ind1=" " ind2=" ">
    <subfield code="a">&#x91A;&#x928;&#x94D;&#x926;&#x94D;&#x930;, &#x926;&#x947;&#x935;&#x947;&#x936; </subfield>
    <subfield code="9">84019</subfield>
  </datafield>
  <datafield tag="942" ind1=" " ind2=" ">
    <subfield code="2">ddc</subfield>
    <subfield code="c">HN</subfield>
    <subfield code="h">824</subfield>
    <subfield code="m">&#x936;&#x941;&#x915;&#x94D;&#x932;&#x92D;&#x93E; </subfield>
  </datafield>
  <datafield tag="999" ind1=" " ind2=" ">
    <subfield code="c">119250</subfield>
    <subfield code="d">119250</subfield>
  </datafield>
  <datafield tag="952" ind1=" " ind2=" ">
    <subfield code="0">0</subfield>
    <subfield code="1">0</subfield>
    <subfield code="4">0</subfield>
    <subfield code="7">0</subfield>
    <subfield code="a">L</subfield>
    <subfield code="b">L</subfield>
    <subfield code="d">2015-09-16</subfield>
    <subfield code="e">Cen Lib/Ref</subfield>
    <subfield code="g">150.00</subfield>
    <subfield code="l">0</subfield>
    <subfield code="o">824 &#x936;&#x941;&#x915;&#x94D;&#x932;&#x92D;&#x93E;</subfield>
    <subfield code="p">A-706527</subfield>
    <subfield code="r">2015-09-16 00:00:00</subfield>
    <subfield code="t">1</subfield>
    <subfield code="v">150.00</subfield>
    <subfield code="w">2015-09-16</subfield>
    <subfield code="y">HN</subfield>
  </datafield>
</record>
